My Top 100 Songs of 2019 - Guess the Artist - Statistics

General Stats
  • This quiz has been taken 28 times
  • The average score is 38 of 100
Answer Stats
Song Title Artist % Correct
bad guy | bellyache | bury a friend | +5 others Billie Eilish
92%
Afterglow | Cornelia Street | Cruel Summer | +10 others Taylor Swift
80%
lovely Billie Eilish & Khalid
68%
Kiss and Make Up Dua Lipa & Blackpink
64%
NASA | fake smile | ghostin Ariana Grande
60%
As If It's Your Last | BOOMBAYAH | DDU-DU DDU-DU | +6 others Blackpink
44%
1999 | 3AM (Pull Up) | SuperLove | Vroom Vroom Charli XCX
44%
Only You Cheat Codes & Little Mix
40%
American Boy | Bounce Back | Dear Lover | +10 others Little Mix
40%
Juice Lizzo
40%
Heaven is a Place on Earth Belinda Carlisle
32%
MIC Drop BTS
24%
Feels Right | Happy Not Knowing | I'll Be Your Girl | +6 others Carly Rae Jepsen
20%
True Colors Cyndi Lauper
20%
No Sleep Till Brooklyn Beastie Boys
16%
So Hot You're Hurting My Feelings Caroline Polachek
16%
(They Long to Be) Close To You Carpenters
16%
TOOTIMETOOTIMETOOTIME The 1975
16%
Butterflies Kacey Musgraves
12%
Don't Feel Like Crying | Mine Right Now Sigrid
12%
Church | Star Maps Aly & AJ
8%
Queen of Mean Descendants 3
8%
Chillin Like a Villain Descendents 2
8%
Red Flavor Red Velvet
8%
Am I Pretty? | Bad Behavior | Don't Come Down | My Best Habit The Maine
8%
Dance the Night Away | LIKEY | Like Ooh-Ahh | What Is Love? TWICE
8%
She's Losing It Belle and Sebastian
4%
None of My Business Cher Lloyd
4%
Two Doors Down Dolly Parton
4%
Looking for the Magic Dwight Twilley Band
4%
Back to Life (80s Remix) Hailee Steinfeld
4%
If I Don't | Nights and Weekends Hayley Orrantia
4%
Closer to Fine Indigo Girls
4%
Coloring Outside the Lines Misterwives
4%
Thug Tropic ORTIES
4%
A Thousand Ways | Mine Phoebe Ryan
4%
April in Houston SWMRS
4%
Human Right The Strike
4%
No matching quizzes found
Score Distribution
Percent of People with Each Score
Percentile by Number Answered
Your Score History
You have not taken this quiz